La ciudad del deber (Record no. 136051)

MARC details
000 -LEADER
campo de control de longitud fija 00682nam a2200169 4500
001 - NÚMERO DE CONTROL
campo de control 136051
003 - IDENTIFICADOR DE NÚMERO DE CONTROL
campo de control ES-MaACL
005 - FECHA Y HORA DE LA ÚLTIMA TRANSACCIÓN
campo de control 20251014063208.0
007 - CAMPO FIJO DE DESCRIPCIÓN FÍSICA--INFORMACIÓN GENERAL
campo de control de longitud fija t|
008 - DATOS DE LONGITUD FIJA--INFORMACIÓN GENERAL
campo de control de longitud fija 070214s1917 sp r ||||1| spa d
100 1# - ENTRADA PRINCIPAL--NOMBRE DE PERSONA
Nombre de persona Ruiz-Maya, M.,
Fechas asociadas al nombre 1888-1936
9 (RLIN) 100872
245 13 - MENCIÓN DEL TÍTULO
Título La ciudad del deber
Resto del título : trabajo presentado al VI Congreso de la Asociación Española para el Progreso de las Ciencias, celebrado en Sevilla en... 1917 /
Mención de responsabilidad, etc. M. Ruiz Maya.
260 ## - PUBLICACIÓN, DISTRIBUCIÓN, ETC.
Lugar de publicación, distribución, etc. Córdoba :
Nombre del editor, distribuidor, etc. [s. n.],
Fecha de publicación, distribución, etc. 1917 (
Fabricante Imp. Moderna)
710 2# - ENTRADA AGREGADA--NOMBRE DE ENTIDAD CORPORATIVA
Nombre de entidad corporativa o nombre de jurisdicción como elemento de entrada Asociación Española para el Progreso de las Ciencias.
Unidad subordinada Congreso (
Número del congreso/reunión o número de parte o sección 6º.
Fecha del congreso o de la firma del tratado 1917.
Sede del congreso/Lugar de la reunión Sevilla)
9 (RLIN) 35
852 4# - LOCALIZACIÓN
Ubicación ES-MaACL
Número de control de estantería 1559-F-13
Holdings
Estatus retirado Estado de pérdida Estado de daño No para préstamo Colección Biblioteca de origen Biblioteca actual Ubicación en estantería Fecha de adquisición Fuente de adquisición Total de préstamos Signatura topográfica completa Código de barras Visto por última vez Precio de reemplazo Tipo de ítem Koha
        Colección de folletos Biblioteca del Ateneo de Madrid Biblioteca del Ateneo de Madrid Depósito folletos 17/01/2008     1559-F-13 1141598 23/02/2023 23/02/2023 Folleto